[Event "8th OHRA Open"]
[Site "Amsterdam NED"]
[Date "1989.08.06"]
[Round "6"]
[White "Kuijf, Marinus"]
[Black "Garcia Callejo, Jesus"]
[Result "1/2-1/2"]
[WhiteElo "2530"]
[BlackElo "2300"]
[EventDate "1989.07.31"]
[PlyCount "99"]

1.e4 c6 2.d4 d5 3.exd5 cxd5 4.c4 Nf6 5.Nc3 Nc6 6.Nf3 Bg4 7.cxd5 Nxd5 8.Qb3
Bxf3 9.gxf3 e6 10.Qxb7 Nxd4 11.Bb5+ Nxb5 12.Qc6+ Ke7 13.Qxb5 Qd7 14.Nxd5+ 
Qxd5 15.Qxd5 exd5 16.Be3 Ke6 17.O-O Bb4 18.Rac1 Rhd8 19.Rfd1 Ba5 20.Rc6+ 
Rd6 21.Rc2 Bb6 22.Bf4 Rd7 23.Rc6+ Kf5 24.Bg3 Re8 25.b4 Re6 26.Rc8 Re2 27.
a4 Rb2 28.a5 Bd8 29.Rc5 Be7 30.Rcxd5+ Rxd5 31.Rxd5+ Ke6 32.Re5+ Kd7 33.b5 
f6 34.Rh5 g5 35.b6 axb6 36.axb6 Rxb6 37.Rxh7 Rb4 38.Rh8 Bc5 39.Ra8 Rb2 40.
Ra4 f5 41.f4 g4 42.Rc4 Kd6 43.Rc1 Kd5 44.Re1 Bd6 45.Rd1+ Ke6 46.Rd4 Rc2 
47.Kf1 Rb2 48.f3 Rb1+ 49.Ke2 Rb2+ 50.Kf1 1/2-1/2

[Event "8th OHRA Open"]
[Site "Amsterdam NED"]
[Date "1989.08.06"]
[Round "6"]
[White "Peelen, Piet"]
[Black "Crisan, Alexandru"]
[Result "1-0"]
[WhiteElo "2385"]
[BlackElo "2315"]
[EventDate "1989.07.31"]
[PlyCount "75"]

1.e4 c5 2.Nf3 d6 3.Nc3 Nf6 4.d4 cxd4 5.Nxd4 Nc6 6.Bc4 e6 7.Be3 Be7 8.Qe2 
a6 9.O-O-O O-O 10.Rhg1 Nxd4 11.Bxd4 b5 12.Bb3 Bb7 13.e5 dxe5 14.Bxe5 Qb6 
15.g4 Rfd8 16.g5 Nd7 17.Bd4 Bc5 18.Rg4 Bxd4 19.Rgxd4 Nc5 20.Qe3 Nxb3+ 21.
axb3 Rxd4 22.Qxd4 Qxd4 23.Rxd4 Bc6 24.Kd2 Kf8 25.Ke3 Ke7 26.b4 e5 27.Rh4 
Rh8 28.f4 exf4+ 29.Kxf4 f6 30.Rh3 Kf7 31.Rd3 fxg5+ 32.Kxg5 h6+ 33.Kf4 Ke6 
34.Ne2 Rf8+ 35.Kg3 g5 36.Nd4+ Kd5 37.Nf5+ Kc4 38.Rd4# 1-0

[Event "8th OHRA Open"]
[Site "Amsterdam NED"]
[Date "1989.08.07"]
[Round "7"]
[White "Azmaiparashvili, Zurab"]
[Black "Van Wely, Loek"]
[Result "1-0"]
[WhiteElo "2575"]
[BlackElo "2320"]
[EventDate "1989.07.31"]
[PlyCount "85"]

1.c4 g6 2.e4 Bg7 3.d4 d6 4.Be3 Nf6 5.f3 Nc6 6.Ne2 a6 7.Qd2 O-O 8.Na3 e5 9.
d5 Ne7 10.c5 Ne8 11.Nc3 f5 12.Be2 f4 13.Bf2 g5 14.O-O-O Ng6 15.Nc4 dxc5 
16.Bxc5 Nd6 17.Kb1 Rf7 18.Nxd6 cxd6 19.Bf2 b5 20.Rc1 Bd7 21.a3 Bf6 22.Na2 
a5 23.Rc6 Bxc6 24.dxc6 Rb8 25.Nc3 b4 26.Nb5 bxa3 27.Bc4 Kg7 28.b3 Rc7 29.
Qd5 a4 30.Be1 Rxb5 31.Qxb5 Qc8 32.Bd5 Ne7 33.Ba5 Nxd5 34.Rc1 axb3 35.Qxd5 
b2 36.Rc4 Qa6 37.Ka2 Ra7 38.c7 Rb7 39.Bb4 Qa4 40.Qd3 Rxb4 41.Rxb4 Qxb4 42.
c8=Q Qe1 43.Qb1 1-0

[Event "8th OHRA Open"]
[Site "Amsterdam NED"]
[Date "1989.08.07"]
[Round "7"]
[White "Finegold, Benjamin"]
[Black "Illescas Cordoba, Miguel"]
[Result "1/2-1/2"]
[WhiteElo "2375"]
[BlackElo "2510"]
[EventDate "1989.07.31"]
[PlyCount "159"]

1.d4 d5 2.c4 e6 3.Nc3 c5 4.e3 Nf6 5.Nf3 Nc6 6.a3 a6 7.cxd5 exd5 8.Be2 Bd6 
9.dxc5 Bxc5 10.b4 Ba7 11.O-O O-O 12.b5 axb5 13.Nxb5 Bb6 14.Bb2 Ne4 15.Nc3 
Be6 16.Qc2 Rc8 17.Nxe4 Nd4 18.Qd1 Nxe2+ 19.Qxe2 dxe4 20.Nd4 Bd7 21.Rfc1 
Qg5 22.Qf1 Ra8 23.Ne2 Bb5 24.Qe1 Bxe3 25.fxe3 Qxe3+ 26.Kf1 Ra5 27.Rc2 b6 
28.Qg3 Qxg3 29.hxg3 Bd3 30.Rd2 Re8 31.Bd4 Rea8 32.Bxb6 Rxa3 33.Rxa3 Rxa3 
34.Kf2 Rb3 35.Be3 Rb1 36.g4 h6 37.Nf4 Rb3 38.Nxd3 exd3 39.Bd4 Kh7 40.Ke3 
Kg6 41.Kf4 f6 42.Bf2 Rb4+ 43.Kf3 Rb3 44.Bg3 Ra3 45.Bf4 Rc3 46.Ke3 Rb3 47.
Rxd3 Rb7 48.Kf3 Ra7 49.Rc3 Rb7 50.Rc7 Rb3+ 51.Be3 Ra3 52.Re7 Rb3 53.Kf4 
Rb2 54.Kg3 Rb3 55.Kh2 Rb4 56.Kh3 Rb3 57.Kg3 Rc3 58.Kf3 Rb3 59.Rd7 Ra3 60.
Rb7 Rc3 61.Ra7 Rb3 62.Ke4 Rc3 63.Rd7 Rc2 64.Bd2 Rc4+ 65.Rd4 Rc5 66.Bb4 Rc2
67.Kf3 Rc7 68.Bd2 Ra7 69.Bf4 Ra3+ 70.Ke4 Ra2 71.g3 Re2+ 72.Kd5 Re8 73.Rc4 
Re7 74.Kd6 Re1 75.Rc7 Re2 76.Re7 Rxe7 77.Kxe7 f5 78.Ke6 fxg4 79.Be5 h5 80.
Bf4 1/2-1/2

[Event "8th OHRA Open"]
[Site "Amsterdam NED"]
[Date "1989.08.07"]
[Round "7"]
[White "Sosonko, Gennadi"]
[Black "Nijboer, Friso"]
[Result "0-1"]
[WhiteElo "2540"]
[BlackElo "2475"]
[EventDate "1989.07.31"]
[PlyCount "88"]

1.d4 Nf6 2.c4 g6 3.Nc3 Bg7 4.e4 d6 5.Nf3 O-O 6.Be2 e5 7.O-O Nc6 8.d5 Ne7 
9.Ne1 Nd7 10.Nd3 f5 11.Bd2 c5 12.Rb1 Nf6 13.f3 f4 14.b4 b6 15.bxc5 bxc5 
16.Nb5 g5 17.Nf2 h5 18.h3 Ng6 19.Qe1 Qe7 20.Ba5 Ne8 21.Rb3 Rf7 22.Qd2 Bh6 
23.Rfb1 g4 24.fxg4 f3 25.Qxh6 Nf4 26.Bxf3 Rh7 27.Qxh7+ Kxh7 28.gxh5 Qg5 
29.Ng4 Nxh5 30.R3b2 Nf4 31.Bd2 Rb8 32.Kh2 a6 33.g3 axb5 34.gxf4 exf4 35.
cxb5 Nf6 36.Rg1 Nxg4+ 37.Bxg4 Qe5 38.Rb3 f3+ 39.Rg3 Bxg4 40.hxg4 Qxe4 41.
Rh3+ Kg8 42.Kg3 Qe5+ 43.Bf4 Qe1+ 44.Kxf3 Rf8 0-1

[Event "8th OHRA Open"]
[Site "Amsterdam NED"]
[Date "1989.08.07"]
[Round "7"]
[White "Rodriguez Cespedes, Amador"]
[Black "Vanheste, Jeroen"]
[Result "1/2-1/2"]
[WhiteElo "2505"]
[BlackElo "2410"]
[EventDate "1989.07.31"]
[PlyCount "95"]

1.Nf3 Nf6 2.c4 g6 3.b3 Bg7 4.Bb2 O-O 5.g3 c5 6.Bg2 Nc6 7.O-O d6 8.d4 Ne4 
9.e3 Bg4 10.Qd3 Bxf3 11.Bxf3 Ng5 12.Bxc6 bxc6 13.Nd2 Ne6 14.Nf3 a5 15.Rab1
cxd4 16.exd4 Qd7 17.Rfe1 Rfb8 18.Bc3 Rb7 19.Rb2 Qd8 20.Rbe2 Nf8 21.h4 e6 
22.Nd2 d5 23.c5 Nd7 24.Nf3 Qf6 25.Ne5 Nxe5 26.Rxe5 Qe7 27.R5e2 Qf6 28.Kg2 
h5 29.Re3 Bh6 30.Re5 Qe7 31.Bd2 Bg7 32.R5e3 Qf6 33.Bc3 Qe7 34.Rf3 Kh7 35.
Bd2 Qe8 36.Rfe3 Qh8 37.Bc3 Kg8 38.Qd1 Bf6 39.Rd3 Qh6 40.Qf3 Qg7 41.Qf4 Rd7
42.Qd2 Bd8 43.Qc1 Rb7 44.Qd2 Rd7 45.Rd1 Kh7 46.Qe1 Bc7 47.Qe2 Re7 48.Re3 
1/2-1/2

[Event "8th OHRA Open"]
[Site "Amsterdam NED"]
[Date "1989.08.07"]
[Round "7"]
[White "Mohr, Stefan"]
[Black "Hansen, Lars Bo"]
[Result "1/2-1/2"]
[WhiteElo "2485"]
[BlackElo "2525"]
[EventDate "1989.07.31"]
[PlyCount "99"]

1.d4 Nf6 2.c4 e6 3.Nc3 Bb4 4.Qc2 c5 5.dxc5 Bxc5 6.Nf3 Qb6 7.e3 Qc7 8.b3 a6
9.Bb2 b6 10.Ne4 Bb4+ 11.Nfd2 Nxe4 12.Qxe4 O-O 13.Qc2 Bb7 14.Bd3 f5 15.O-O 
Nc6 16.Nf3 Bd6 17.e4 Ne5 18.Nxe5 Bxe5 19.Bxe5 Qxe5 20.exf5 exf5 21.Rfe1 
Qf6 22.Rad1 Rad8 23.f4 g6 24.Qf2 Rfe8 25.Rxe8+ Rxe8 26.Bf1 Qc6 27.Rd2 Re4 
28.Bd3 Re7 29.Be2 Qc7 30.Rd1 Re4 31.g3 Re6 32.Bf3 Bxf3 33.Qxf3 Kf7 34.Qd5 
Ke7 35.Kf1 Qc6 36.Rd2 Qxd5 37.Rxd5 Rd6 38.Re5+ Re6 39.Re2 Rxe2 40.Kxe2 Kd6
41.b4 a5 42.a3 axb4 43.axb4 Kc6 44.Kd3 d5 45.Kd4 dxc4 46.Kxc4 b5+ 47.Kd4 
Kd6 48.h3 h6 49.h4 h5 50.Ke3 1/2-1/2

[Event "8th OHRA Open"]
[Site "Amsterdam NED"]
[Date "1989.08.07"]
[Round "7"]
[White "Ree, Hans"]
[Black "Peelen, Piet"]
[Result "1-0"]
[WhiteElo "2460"]
[BlackElo "2385"]
[EventDate "1989.07.31"]
[PlyCount "97"]

1.c4 e5 2.Nc3 Nc6 3.g3 g6 4.Bg2 Bg7 5.e3 f5 6.Nge2 Nf6 7.d3 O-O 8.O-O Ne7 
9.b3 c6 10.Ba3 d6 11.Qd2 Be6 12.f4 Qd7 13.Rae1 Rad8 14.Bb2 Bf7 15.Kh1 b6 
16.Ng1 Kh8 17.Nf3 Nh5 18.Nd1 Qc7 19.Bc3 c5 20.a3 Nc6 21.Ng5 Bg8 22.Bd5 
Rde8 23.Qg2 Nd8 24.Bxg8 Kxg8 25.Qd5+ Kh8 26.b4 Nf6 27.Qg2 h6 28.Nf3 e4 29.
Bxf6 Bxf6 30.dxe4 Rxe4 31.Nd2 Re6 32.e4 fxe4 33.Ne3 Bb2 34.Nd5 Qg7 35.Rxe4
Bxa3 36.b5 Bb2 37.Rxe6 Nxe6 38.Ne4 g5 39.f5 Qe5 40.Rb1 Rxf5 41.Rxb2 Qd4 
42.Qe2 g4 43.Rd2 Qe5 44.Ne7 Nf4 45.gxf4 Qxe7 46.Ng3 Qb7+ 47.Kg1 Rxf4 48.
Qe8+ Kh7 49.Rxd6 1-0

[Event "8th OHRA Open"]
[Site "Amsterdam NED"]
[Date "1989.08.07"]
[Round "7"]
[White "Visser, Yge"]
[Black "Van der Sterren, Paul"]
[Result "0-1"]
[WhiteElo "2335"]
[BlackElo "2515"]
[EventDate "1989.07.31"]
[PlyCount "62"]

1.Nf3 Nf6 2.g3 c5 3.Bg2 g6 4.O-O Bg7 5.Nc3 O-O 6.e4 Nc6 7.d3 d6 8.Nh4 Rb8 
9.f4 Bd7 10.a4 a6 11.f5 b5 12.axb5 axb5 13.Bg5 b4 14.Nd5 e6 15.e5 exd5 16.
fxg6 Nxe5 17.gxh7+ Kh8 18.Nf5 Bxf5 19.Rxf5 Re8 20.Bxd5 Nxd5 21.Bxd8 Ne3 
22.Qh5 Nxf5 23.Bg5 Nd4 24.Rf1 Nxc2 25.Bf6 Bxf6 26.Rxf6 Nd4 27.Rxd6 Nef3+ 
28.Kg2 Re2+ 29.Kf1 Nd2+ 30.Kg1 N4f3+ 31.Kh1 Ra8 0-1

[Event "8th OHRA Open"]
[Site "Amsterdam NED"]
[Date "1989.08.07"]
[Round "7"]
[White "Douven, Rudy"]
[Black "Blatny, Pavel"]
[Result "0-1"]
[WhiteElo "2475"]
[BlackElo "2470"]
[EventDate "1989.07.31"]
[PlyCount "104"]

1.d4 Nf6 2.c4 e6 3.Nf3 d5 4.Nc3 Bb4 5.e3 O-O 6.Bd3 dxc4 7.Bxc4 Nc6 8.O-O 
Bd6 9.Nb5 Be7 10.Ne5 Nxe5 11.dxe5 Nd7 12.f4 a6 13.Nc3 b5 14.Be2 Nc5 15.Qc2
Bb7 16.a3 Qc8 17.Bd2 Nd7 18.a4 b4 19.Ne4 Bd5 20.b3 Qb7 21.Bd3 Rfd8 22.Rf2 
g6 23.Bc1 Qa7 24.Re2 Rac8 25.Bb2 Nc5 26.Nxc5 Bxc5 27.Kf2 Rd7 28.Rc1 Bb7 
29.a5 Bf8 30.Bd4 Qa8 31.Kg3 Rcd8 32.Rd1 Qc8 33.Bb2 c5 34.Red2 Qc7 35.Bc4 
Rxd2 36.Rxd2 Qxa5 37.Qd1 Rxd2 38.Qxd2 Qc7 39.h4 Be7 40.h5 Qd8 41.Qe2 Bd5 
42.hxg6 hxg6 43.Bxa6 Bxb3 44.Bd3 Qd5 45.e4 Qc6 46.Bb5 Qc7 47.Kh3 c4 48.f5 
c3 49.fxg6 fxg6 50.Qg4 Bf8 51.Bc1 Qh7+ 52.Kg3 Qh5 0-1

[Event "8th OHRA Open"]
[Site "Amsterdam NED"]
[Date "1989.08.07"]
[Round "7"]
[White "Cifuentes Parada, Roberto"]
[Black "Kuijf, Marinus"]
[Result "1/2-1/2"]
[WhiteElo "2470"]
[BlackElo "2530"]
[EventDate "1989.07.31"]
[PlyCount "97"]

1.c4 c6 2.Nc3 d5 3.d4 Nf6 4.e3 e6 5.Nf3 Nbd7 6.Be2 Bd6 7.O-O O-O 8.b3 dxc4
9.bxc4 e5 10.Qb3 Qe7 11.Re1 Re8 12.a4 e4 13.Nd2 c5 14.Nf1 Nf8 15.Nb5 cxd4 
16.exd4 Bb8 17.Ba3 Qd8 18.Rad1 Ne6 19.c5 a6 20.Nd6 Bxd6 21.cxd6 Bd7 22.Bb2
b5 23.Ne3 Nf4 24.Bf1 bxa4 25.Qa2 Ng4 26.h3 Nxe3 27.fxe3 Ne6 28.Ba3 Qg5 29.
Rc1 Rab8 30.Rc3 Rb3 31.Rec1 Qg3 32.Qf2 Qg6 33.Kh1 a5 34.Bc4 Rxc3 35.Rxc3 
Rc8 36.Rc2 h6 37.Bd5 Re8 38.Bc6 Bxc6 39.Rxc6 Rd8 40.Qc2 Nf8 41.Rc8 Qg5 42.
Rxd8 Qxd8 43.Qxe4 Qc8 44.Qe7 f6 45.Bc5 Nd7 46.Qe6+ Kf8 47.Qe7+ Kg8 48.Qe6+
Kf8 49.Qe7+ 1/2-1/2

[Event "8th OHRA Open"]
[Site "Amsterdam NED"]
[Date "1989.08.07"]
[Round "7"]
[White "Crisan, Alexandru"]
[Black "Garcia Callejo, Jesus"]
[Result "0-1"]
[WhiteElo "2315"]
[BlackElo "2300"]
[EventDate "1989.07.31"]
[PlyCount "78"]

1.e4 c6 2.d4 d5 3.e5 Bf5 4.Nc3 e6 5.g4 Bg6 6.Nge2 c5 7.h4 cxd4 8.Nxd4 h5 
9.Bb5+ Nd7 10.f4 hxg4 11.f5 Rxh4 12.O-O Rh1+ 13.Kxh1 Qh4+ 14.Kg2 Qh3+ 15.
Kf2 g3+ 16.Ke3 g2+ 17.Rf3 Qh2 18.Nce2 Bh5 19.fxe6 fxe6 20.Rxf8+ Kxf8 21.
Bxd7 Ke7 22.Bxe6 Bxe2 23.Nxe2 Qxe5+ 24.Kf2 Rf8+ 25.Bf4 Qxe6 26.Qd4 g5 27.
Qg7+ Ke8 28.Qxg5 Nf6 29.Ng3 Rg8 30.Qf5 Ng4+ 31.Kf3 Nh2+ 32.Kf2 Ng4+ 33.Kf3
Nh2+ 34.Kf2 Ng4+ 35.Kg1 Qb6+ 36.Be3 Qxe3+ 37.Kxg2 Qd2+ 38.Kg1 Qh2+ 39.Kf1 
Ne3+ 0-1

[Event "8th OHRA Open"]
[Site "Amsterdam NED"]
[Date "1989.08.08"]
[Round "8"]
[White "Gelfand, Boris"]
[Black "Psakhis, Lev"]
[Result "1/2-1/2"]
[WhiteElo "2590"]
[BlackElo "2565"]
[EventDate "1989.07.31"]
[PlyCount "29"]

1.d4 e6 2.c4 Nf6 3.Nf3 b6 4.Nc3 Bb7 5.a3 d5 6.cxd5 Nxd5 7.Qc2 Nxc3 8.Qxc3 
Nd7 9.Bg5 Be7 10.Bxe7 Kxe7 11.e3 Nf6 12.Be2 Qd6 13.b4 Rhc8 14.O-O a5 15.
Qb2 1/2-1/2

[Event "8th OHRA Open"]
[Site "Amsterdam NED"]
[Date "1989.08.08"]
[Round "8"]
[White "Van der Sterren, Paul"]
[Black "Mednis, Edmar John"]
[Result "1-0"]
[WhiteElo "2515"]
[BlackElo "2430"]
[EventDate "1989.07.31"]
[PlyCount "45"]

1.Nf3 Nf6 2.c4 c6 3.Nc3 d5 4.e3 e6 5.d4 Nbd7 6.Bd3 dxc4 7.Bxc4 b5 8.Bd3 
Bb7 9.e4 b4 10.Na4 c5 11.e5 Nd5 12.O-O cxd4 13.Nxd4 g6 14.Qg4 Bg7 15.Bg5 
Ne7 16.Bb5 Rc8 17.Rac1 h6 18.Rxc8 Qxc8 19.Rc1 Qa8 20.Nxe6 fxe6 21.Bxd7+ 
Kxd7 22.Nc5+ Ke8 23.Bxe7 1-0

[Event "8th OHRA Open"]
[Site "Amsterdam NED"]
[Date "1989.08.08"]
[Round "8"]
[White "Finegold, Benjamin"]
[Black "Bagirov, Vladimir"]
[Result "1/2-1/2"]
[WhiteElo "2375"]
[BlackElo "2475"]
[EventDate "1989.07.31"]
[PlyCount "74"]

1.d4 d5 2.c4 e6 3.Nc3 c6 4.Bf4 dxc4 5.e3 b5 6.a4 Qb6 7.Qf3 Bb7 8.a5 Qa6 9.
Qg3 Nd7 10.Be2 Ngf6 11.Nh3 Bb4 12.O-O O-O 13.Bh6 Ne8 14.Bf4 c5 15.Rfd1 
Ndf6 16.Bf3 Rd8 17.Be5 cxd4 18.Rxd4 Rxd4 19.exd4 Bxf3 20.Qxf3 Be7 21.Ng5 
h6 22.Nge4 b4 23.Ne2 Nxe4 24.Qxe4 Nf6 25.Qf3 Nd5 26.Ng3 c3 27.bxc3 bxc3 
28.Nh5 f6 29.Bf4 Nxf4 30.Nxf4 Rc8 31.Qg4 g5 32.d5 Rc4 33.g3 c2 34.Rc1 Qc8 
35.dxe6 Qc7 36.Qf5 gxf4 37.Qg6+ Kh8 1/2-1/2

[Event "8th OHRA Open"]
[Site "Amsterdam NED"]
[Date "1989.08.08"]
[Round "8"]
[White "Hansen, Lars Bo"]
[Black "Cifuentes Parada, Roberto"]
[Result "1-0"]
[WhiteElo "2525"]
[BlackElo "2470"]
[EventDate "1989.07.31"]
[PlyCount "91"]

1.d4 d5 2.Nf3 Nf6 3.c4 dxc4 4.e3 a6 5.Bxc4 b5 6.Bd3 Bb7 7.O-O Nbd7 8.b4 e5
9.dxe5 Bxf3 10.gxf3 Nxe5 11.Be2 Qxd1 12.Rxd1 Bxb4 13.a4 Ke7 14.Bb2 Nc4 15.
Bxc4 bxc4 16.Rc1 Rhd8 17.Na3 Rd5 18.Nxc4 Ne8 19.Rab1 a5 20.f4 f6 21.Ba3 
Bxa3 22.Nxa3 Kd7 23.Rb7 Kc8 24.Rb2 Kd7 25.Rbc2 Rc8 26.Nb5 Rd3 27.Kg2 Rb3 
28.Rd2+ Ke7 29.Rc5 Kf7 30.f5 Rb4 31.Rd7+ Kf8 32.Nc3 Ra8 33.h3 Rb2 34.Nb5 
Rc8 35.Nd4 Kg8 36.Ne6 g6 37.fxg6 hxg6 38.Nf4 g5 39.Nd5 Kf8 40.Rc6 Rd2 41.
Nxf6 Rxd7 42.Nxd7+ Ke7 43.Ne5 Nd6 44.Rc5 Ke6 45.Nf3 Ne4 46.Re5+ 1-0

[Event "8th OHRA Open"]
[Site "Amsterdam NED"]
[Date "1989.08.08"]
[Round "8"]
[White "Vanheste, Jeroen"]
[Black "Sosonko, Gennadi"]
[Result "1/2-1/2"]
[WhiteElo "2410"]
[BlackElo "2540"]
[EventDate "1989.07.31"]
[PlyCount "42"]

1.d4 d5 2.c4 e6 3.Nf3 Nf6 4.g3 dxc4 5.Bg2 Nc6 6.Qa4 Bb4+ 7.Bd2 Nd5 8.Qb5 
Bxd2+ 9.Nbxd2 c3 10.bxc3 Nxc3 11.Qd3 Nd5 12.O-O O-O 13.e4 Nb6 14.Nb3 Qe7 
15.Rac1 Rd8 16.Rfd1 a6 17.Rd2 Na7 18.Nc5 Nd7 19.Nb3 Nb6 20.Nc5 Nd7 21.Nb3 
Nb6 1/2-1/2

[Event "8th OHRA Open"]
[Site "Amsterdam NED"]
[Date "1989.08.08"]
[Round "8"]
[White "Hulak, Krunoslav"]
[Black "Mohr, Stefan"]
[Result "1/2-1/2"]
[WhiteElo "2550"]
[BlackElo "2485"]
[EventDate "1989.07.31"]
[PlyCount "29"]

1.c4 Nf6 2.g3 d5 3.cxd5 Nxd5 4.Bg2 c5 5.Nc3 Nc7 6.d3 e5 7.Nf3 Nc6 8.O-O 
Be7 9.Nd2 Bd7 10.Nc4 f6 11.f4 b5 12.Ne3 Rc8 13.Ned5 Nxd5 14.Nxd5 O-O 15.
Be3 1/2-1/2

[Event "8th OHRA Open"]
[Site "Amsterdam NED"]
[Date "1989.08.08"]
[Round "8"]
[White "Ree, Hans"]
[Black "Douven, Rudy"]
[Result "1-0"]
[WhiteElo "2460"]
[BlackElo "2475"]
[EventDate "1989.07.31"]
[PlyCount "49"]

1.d4 Nf6 2.c4 e6 3.Nc3 Bb4 4.Qc2 O-O 5.a3 Bxc3+ 6.Qxc3 b6 7.Nf3 Bb7 8.e3 
d6 9.b3 Nbd7 10.Bb2 Ne4 11.Qc2 f5 12.Bd3 Ng5 13.d5 Nc5 14.b4 Nxd3+ 15.Qxd3
e5 16.Nd2 f4 17.exf4 Rxf4 18.h4 Nf7 19.g3 Rf6 20.Ne4 Rf5 21.Bc1 Qd7 22.g4 
Rf4 23.Bxf4 exf4 24.Ng5 Re8+ 25.Kd2 1-0

[Event "8th OHRA Open"]
[Site "Amsterdam NED"]
[Date "1989.08.08"]
[Round "8"]
[White "Garcia Callejo, Jesus"]
[Black "Van Wely, Loek"]
[Result "0-1"]
[WhiteElo "2300"]
[BlackElo "2320"]
[EventDate "1989.07.31"]
[PlyCount "66"]

1.e4 d6 2.d4 Nf6 3.Nc3 g6 4.f4 Bg7 5.Nf3 c5 6.dxc5 Qa5 7.Bd3 Qxc5 8.Qe2 
O-O 9.Be3 Qa5 10.O-O Bg4 11.a3 Nc6 12.Rab1 Nd7 13.b4 Qd8 14.Qd2 Nb6 15.Nd5
e6 16.Nxb6 axb6 17.b5 Nb8 18.Ne1 d5 19.h3 dxe4 20.Bxe4 Qxd2 21.Bxd2 Be2 
22.Rf2 Bd4 23.Bb4 Rd8 24.Bxb7 Ra7 25.Be4 Bxb5 26.Nf3 Bxf2+ 27.Kxf2 f5 28.
Bd3 Bxd3 29.cxd3 Nc6 30.d4 Nxd4 31.Ne5 Rc7 32.a4 Nc6 33.Rc1 Nxe5 0-1

[Event "8th OHRA Open"]
[Site "Amsterdam NED"]
[Date "1989.08.08"]
[Round "8"]
[White "Peelen, Piet"]
[Black "Kuijf, Marinus"]
[Result "1-0"]
[WhiteElo "2385"]
[BlackElo "2530"]
[EventDate "1989.07.31"]
[PlyCount "94"]

1.c4 c6 2.e4 d5 3.exd5 cxd5 4.d4 Nf6 5.Nc3 Nc6 6.Nf3 Bg4 7.cxd5 Nxd5 8.Qb3
Bxf3 9.gxf3 Nb6 10.d5 Nd4 11.Bb5+ Nd7 12.Qa4 Nxb5 13.Qxb5 g6 14.Bg5 h6 15.
Bf4 Bg7 16.O-O O-O 17.Rfe1 Nb6 18.Rad1 Rc8 19.a4 Nc4 20.Rd3 b6 21.Kg2 Nd6 
22.Qa6 Qd7 23.Bxd6 exd6 24.Nb5 Ra8 25.b3 h5 26.Re4 Be5 27.h4 Rfc8 28.Na3 
Rc1 29.Rde3 Rh1 30.f4 Ra1 31.fxe5 Rxa3 32.e6 Qe7 33.Qe2 f5 34.Rf4 Ra1 35.
Qb2 Rd1 36.Qc2 Ra1 37.Qb2 Rd1 38.Qc2 Ra1 39.Rc4 Rf8 40.Rc7 Qxh4 41.Rh3 Qd4
42.Qc3 Rd1 43.Qxd4 Rxd4 44.Rg3 Rxd5 45.Rxg6+ Kh8 46.Rgg7 Re8 47.Rh7+ Kg8 
1-0

[Event "8th OHRA Open"]
[Site "Amsterdam NED"]
[Date "1989.08.08"]
[Round "8"]
[White "Crisan, Alexandru"]
[Black "Visser, Yge"]
[Result "0-1"]
[WhiteElo "2315"]
[BlackElo "2335"]
[EventDate "1989.07.31"]
[PlyCount "114"]

1.d4 Nf6 2.Nf3 g6 3.c4 Bg7 4.Nc3 O-O 5.g3 c6 6.Bg2 d6 7.O-O a6 8.a4 a5 9.
h3 Na6 10.e4 Nd7 11.Be3 e5 12.dxe5 dxe5 13.Qd6 Re8 14.Rad1 Bf8 15.Qd2 Nac5
16.Nh2 Qe7 17.Qc2 Nf6 18.Rfe1 Nh5 19.Ng4 Bg7 20.Kh2 Be6 21.Nd5 cxd5 22.
cxd5 Rac8 23.dxe6 Nxe6 24.Qd2 Ra8 25.Bb6 Ra6 26.Bxa5 Nd4 27.Bb4 Qe6 28.a5 
Nf6 29.Nxf6+ Bxf6 30.Bc3 Rd8 31.Bxd4 Rxd4 32.Qc3 Rc6 33.Qe3 Rc2 34.b3 Qd6 
35.Rxd4 exd4 36.Qd3 Rxf2 37.Kg1 Rb2 38.e5 Bxe5 39.Bxb7 Bxg3 40.Re8+ Kg7 
41.Re2 Rxe2 42.Qxe2 d3 43.Qb2+ Kg8 44.Bf3 d2 45.Qc3 d1=Q+ 46.Bxd1 Qxd1+ 
47.Kg2 Be1 48.Qc8+ Kg7 49.Qc5 Qd2+ 50.Kf1 Qxa5 51.Qd4+ Kg8 52.h4 Bc3 53.
Qc4 h5 54.Ke2 Qb4 55.Qd5 Qxh4 56.Qa8+ Kg7 57.Qf3 Qg4 0-1

[Event "8th OHRA Open"]
[Site "Amsterdam NED"]
[Date "1989.08.10"]
[Round "9"]
[White "Azmaiparashvili, Zurab"]
[Black "Finegold, Benjamin"]
[Result "1-0"]
[WhiteElo "2575"]
[BlackElo "2375"]
[EventDate "1989.07.31"]
[PlyCount "57"]

1.c4 c6 2.d4 d5 3.Nf3 Nf6 4.Nc3 dxc4 5.a4 Bf5 6.Nh4 Bc8 7.Nf3 Bf5 8.Ne5 
Nbd7 9.Nxc4 Qc7 10.Bg5 Ne4 11.Nxe4 Bxe4 12.f3 Bd5 13.e4 Bxc4 14.Bxc4 e5 
15.Qb3 Nb6 16.Be3 exd4 17.Bxd4 Bd6 18.Bxg7 Rg8 19.Bc3 Rxg2 20.O-O-O Nxc4 
21.Qxc4 O-O-O 22.e5 Be7 23.Kb1 Rf8 24.e6 Bd6 25.Rhe1 Rg6 26.Rxd6 Qxd6 27.
Bb4 c5 28.Bxc5 Qc7 29.Rc1 1-0

[Event "8th OHRA Open"]
[Site "Amsterdam NED"]
[Date "1989.08.10"]
[Round "9"]
[White "Van Wely, Loek"]
[Black "Illescas Cordoba, Miguel"]
[Result "1/2-1/2"]
[WhiteElo "2320"]
[BlackElo "2510"]
[EventDate "1989.07.31"]
[PlyCount "62"]

1.d4 d5 2.Nf3 e6 3.c4 c5 4.cxd5 exd5 5.Nc3 Nc6 6.g3 Nf6 7.Bg2 Be7 8.O-O 
O-O 9.Bg5 cxd4 10.Nxd4 h6 11.Be3 Re8 12.Qb3 Na5 13.Qc2 Bg4 14.Rfd1 Rc8 15.
Nf5 Bb4 16.h3 Bh5 17.g4 Bxc3 18.bxc3 Bg6 19.Bd4 Nc6 20.Rab1 Nxd4 21.Rxd4 
b6 22.Rbd1 Qc7 23.Bxd5 Qxc3 24.Qxc3 Rxc3 25.Bf3 Bxf5 26.gxf5 Ra3 27.R1d2 
Ra5 28.Bc6 Rc8 29.Rd8+ Rxd8 30.Rxd8+ Kh7 31.e4 g6 1/2-1/2

[Event "8th OHRA Open"]
[Site "Amsterdam NED"]
[Date "1989.08.10"]
[Round "9"]
[White "Hulak, Krunoslav"]
[Black "Vanheste, Jeroen"]
[Result "1/2-1/2"]
[WhiteElo "2550"]
[BlackElo "2410"]
[EventDate "1989.07.31"]
[PlyCount "53"]

1.d4 Nf6 2.c4 e6 3.g3 Bb4+ 4.Bd2 Be7 5.Bg2 d5 6.Nf3 O-O 7.O-O c6 8.Qc2 b6 
9.Bg5 Bb7 10.cxd5 cxd5 11.Ne5 Ne8 12.Bxe7 Qxe7 13.Qa4 Nd6 14.Rc1 f6 15.Nd3
Nc6 16.Nc3 Na5 17.b3 Rfc8 18.Rc2 Ne4 19.Rac1 Nxc3 20.Rxc3 Rxc3 21.Rxc3 Rc8
22.Rxc8+ Bxc8 23.b4 Bd7 24.Qc2 Nc6 25.Qc3 Qd6 26.e3 Ne7 27.Bf1 1/2-1/2

[Event "8th OHRA Open"]
[Site "Amsterdam NED"]
[Date "1989.08.10"]
[Round "9"]
[White "Rodriguez Cespedes, Amador"]
[Black "Nijboer, Friso"]
[Result "0-1"]
[WhiteElo "2505"]
[BlackElo "2475"]
[EventDate "1989.07.31"]
[PlyCount "104"]

1.e4 c5 2.Nf3 d6 3.d4 cxd4 4.Nxd4 Nf6 5.Nc3 e5 6.Bb5+ Nbd7 7.Nf5 a6 8.
Bxd7+ Qxd7 9.Bg5 Nxe4 10.Nxg7+ Bxg7 11.Nxe4 O-O 12.Qxd6 f6 13.Qxd7 Bxd7 
14.Bd2 f5 15.Nc5 Bc6 16.Ne6 Rf7 17.O-O-O Bf6 18.f4 Re8 19.fxe5 Bxe5 20.Ng5
Rg7 21.Rhf1 f4 22.Nf3 Bc7 23.Nh4 Rf8 24.Bb4 Rff7 25.Bd6 Bb6 26.Kb1 Rg4 27.
Nf3 Rxg2 28.Ne5 Be4 29.Nxf7 Bxc2+ 30.Ka1 Bxd1 31.Nh6+ Kg7 32.Nf5+ Kf6 33.
Nh4 Rg4 34.Rxf4+ Kg5 35.Rxg4+ Kxg4 36.Ng2 Bg1 37.Kb1 Bf3 38.Ne1 Be4+ 39.
Kc1 Be3+ 40.Kd1 Bf4 41.Bxf4 Kxf4 42.Ke2 a5 43.b3 Bb1 44.a3 Be4 45.b4 axb4 
46.axb4 Ke5 47.Ke3 b5 48.h3 Kd5 49.h4 Bg6 50.Ng2 Kc4 51.Nf4 Kxb4 52.Kd4 
Ka3 0-1

[Event "8th OHRA Open"]
[Site "Amsterdam NED"]
[Date "1989.08.10"]
[Round "9"]
[White "Mohr, Stefan"]
[Black "Sosonko, Gennadi"]
[Result "1/2-1/2"]
[WhiteElo "2485"]
[BlackElo "2540"]
[EventDate "1989.07.31"]
[PlyCount "79"]

1.d4 Nf6 2.c4 e6 3.Nc3 Bb4 4.Qc2 d5 5.cxd5 exd5 6.Bg5 h6 7.Bxf6 Qxf6 8.a3 
Bxc3+ 9.Qxc3 O-O 10.e3 Bf5 11.Ne2 Rc8 12.Rc1 Nd7 13.b4 a5 14.Ng3 axb4 15.
axb4 c6 16.Be2 b5 17.O-O Nb6 18.Ra1 Bg6 19.Bf3 Nc4 20.e4 dxe4 21.Nxe4 Bxe4
22.Bxe4 Rxa1 23.Rxa1 Rd8 24.g3 g6 25.Rd1 Kg7 26.Qa1 Rd6 27.Bg2 h5 28.h4 
Rd7 29.Qa6 Rxd4 30.Rxd4 Qxd4 31.Qxc6 Ne5 32.Qc5 Qd1+ 33.Bf1 Nf3+ 34.Kg2 
Ne1+ 35.Kg1 Nf3+ 36.Kg2 Ne1+ 37.Kh1 Qf3+ 38.Kg1 Qe4 39.Qe3 Qxb4 40.Bxb5 
1/2-1/2

[Event "8th OHRA Open"]
[Site "Amsterdam NED"]
[Date "1989.08.10"]
[Round "9"]
[White "Bagirov, Vladimir"]
[Black "Hansen, Lars Bo"]
[Result "0-1"]
[WhiteElo "2475"]
[BlackElo "2525"]
[EventDate "1989.07.31"]
[PlyCount "80"]

1.d4 Nf6 2.c4 c5 3.d5 b5 4.cxb5 a6 5.b6 Qxb6 6.Nc3 d6 7.e4 g6 8.a4 Bg7 9.
a5 Qd8 10.Bc4 O-O 11.Nf3 Bg4 12.h3 Bxf3 13.Qxf3 Nbd7 14.Qe2 Ne5 15.Bxa6 
Qc7 16.O-O c4 17.Bb5 Rxa5 18.Rxa5 Qxa5 19.Bxc4 Qb4 20.Ba2 Rc8 21.Kh2 Ned7 
22.f4 Nc5 23.e5 Nfe4 24.Nxe4 Nxe4 25.Bb1 Nc5 26.Kh1 Nb3 27.Be3 dxe5 28.
fxe5 Bxe5 29.Qf3 Bf6 30.Qf2 Na5 31.Ba2 Nb7 32.d6 Nxd6 33.Bf4 Ra8 34.Bd5 
Rd8 35.Re1 Nf5 36.Be4 Bd4 37.Qe2 Nd6 38.Bf3 Bf6 39.Rd1 Qxf4 40.Rd5 Rc8 0-1